000 00299nam a22001337a 4500
008 181217b xxu||||| |||| 00| 0 eng d
020 _a9780071481724
041 _aeng
080 _a610.073
100 _a2
101 _aINF
245 _aFirst Aid q a Usmle Step 1
_cLe.T.T
942 _2udc
_cBK
999 _c53207
_d53207